Tully v Jorgensen (VO) (Record no. 73561)
[ view plain ]
| 000 -LEADER | |
|---|---|
| fixed length control field | 01404cam a2200241 4500 |
| 001 - CONTROL NUMBER | |
| control field | ABS67200 |
| 008 - FIXED-LENGTH DATA ELEMENTS--GENERAL INFORMATION | |
| fixed length control field | 031006n2003 000 0 eng u |
| 035 ## - SYSTEM CONTROL NUMBER | |
| System control number | (Sirsi) u123856 |
| 245 ## - TITLE STATEMENT | |
| Title | Tully v Jorgensen (VO) |
| 260 ## - PUBLICATION, DISTRIBUTION, ETC. | |
| Date of publication, distribution, etc. | 2003 |
| 490 ## - SERIES STATEMENT | |
| Series statement | Rating Appeals |
| Volume/sequential designation | [2003] RA 233-243(5) |
| 520 ## - SUMMARY, ETC. | |
| Summary, etc. | RA/22/2001, 4 August 2003. Appellant ratepayer (T) appealed against a valuation tribunal ruling that a house in which a bedroom was used for home-working purposes should be included on the non-domestic rating list as an office. The appeal raised the issue of whether the house was used wholly for the purposes of living accommodation within the Local Government Finance Act 1988. s66(1)."Held" on appeal, that a house in which one room was used as a home office containing equipment provided by T's employer for the purposes of her employment, equipment provided by T and used for private study and household equipment was held wholly for the purposes of living accommodation and therefore was not subject to non-domestic rates. Decision available from Lands Tribunal +44 (0)20 7947 7200. |
| 590 ## - LOCAL NOTE (RLIN) | |
| Local note | ABS |
| 650 ## - SUBJECT ADDED ENTRY--TOPICAL TERM | |
| Topical term or geographic name entry element | TULLY V JORGENSEN (VO) |
| 650 ## - SUBJECT ADDED ENTRY--TOPICAL TERM | |
| Topical term or geographic name entry element | NON-DOMESTIC RATES |
| 650 ## - SUBJECT ADDED ENTRY--TOPICAL TERM | |
| Topical term or geographic name entry element | HOUSE |
| 650 ## - SUBJECT ADDED ENTRY--TOPICAL TERM | |
| Topical term or geographic name entry element | HOME WORKING |
| 650 ## - SUBJECT ADDED ENTRY--TOPICAL TERM | |
| Topical term or geographic name entry element | OFFICE USE |
| 650 ## - SUBJECT ADDED ENTRY--TOPICAL TERM | |
| Topical term or geographic name entry element | LOCAL GOVERNMENT FINANCE ACT 1988 S66(1)(A) |
| 650 ## - SUBJECT ADDED ENTRY--TOPICAL TERM | |
| Topical term or geographic name entry element | BEDROOM |
| 690 ## - LOCAL SUBJECT ADDED ENTRY--TOPICAL TERM (OCLC, RLIN) | |
| Topical term or geographic name as entry element | RATING AND LOCAL TAXATION-CASE LAW |
| 942 ## - ADDED ENTRY ELEMENTS (KOHA) | |
| Suppress in OPAC | 0 |
| Withdrawn status | Lost status | Source of classification or shelving scheme | Damaged status | Not for loan | Home library | Current library | Shelving location | Date acquired | Total Checkouts | Full call number | Barcode | Date last seen | Copy number | Price effective from | Koha item type |
|---|---|---|---|---|---|---|---|---|---|---|---|---|---|---|---|
| Dewey Decimal Classification | London | London | Journal article | 06/10/2003 | ABS67200 | 123856-1001 | 06/08/2019 | 1 | 06/08/2019 | Law report |